| 000 | 01222nam0a22002891 4500 | ||
|---|---|---|---|
| 001 | rc\4571356 | ||
| 005 | 20250611195858.0 | ||
| 021 |
_aRU _b67-43365 |
||
| 021 |
_aRU _bРг6947-67 |
||
| 035 | _a(NLR Aleph) 008374442 | ||
| 090 |
_a9078407 _c9078407 |
||
| 100 | _a20130416d1967 |||y0rusy50 ca | ||
| 101 | 0 | _arus | |
| 102 | _aRU | ||
| 105 | _ay j ||||| | ||
| 200 | 1 |
_aСовременное естествознание и модернизация теологии _e(Материалы к лекции) _fО-во "Знание" Латв. ССР. Комис. по философии Науч.-метод. совета по пропаганде общественно-полит. знаний |
|
| 210 |
_aРига _cБ. и. _d1967 |
||
| 215 |
_a[1], 23 с. _d21 |
||
| 300 | _aПеред загл. авт.: В.А. Марков, доц., канд. филос. наук | ||
| 300 | _aОтпеч. множит. аппаратом | ||
| 700 | 1 |
_aМарков _bВ. А. _cд-р филос. наук _f1924-2006 _gВалерий Александрович _9183209 _3RU\NLR\AUTH\770183260 |
|
| 801 | 0 |
_aRU _bNLR _gpsbo |
|
| 801 | 1 |
_aRU _bELAR _2rusmarc |
|
| 852 |
_aNLR _j67-6/8692 |
||
| 942 | _cBOOK | ||
| 980 | _aNB | ||